000 00637nam a22002057a 4500
999 _c5490
_d5490
003 AR-CdUCM
008 190312b ||||| |||| 00| 0 spa d
040 _aMUNICIPALIDAD PROVINCIAL DEL CUSCO
_cBIBLIOTECA MUNICIPAL DEL CUSCO
082 _23ed.
_a869.5612 /
_bL86
100 _aLópez Albújar, Enrique
_96
245 _aLámpara votiva :
_bpoemas /
260 _aLima :
_bBanco Industrial del Perú,
_c1988.
300 _a188 páginas ;
_bilustraciones ;
_c22 cm.
500 _aHomenaje a Tacna
650 _aPoesía peruana
_9806
650 _aSiglo XX
_98
650 _aHomenaje a Tacna
_916482
942 _2ddc
_cLIBROS
945 _azta